Library Banner

The science of renewable energy / (Record no. 93203)

MARC details
000 -LEADER
fixed length control field 00535cam a2200193 i 4500
001 - CONTROL NUMBER
control field 18928968
005 - DATE AND TIME OF LATEST TRANSACTION
control field 20170505114400.0
008 - FIXED-LENGTH DATA ELEMENTS--GENERAL INFORMATION
fixed length control field 160108s2016 flu b 001 0 eng
020 ## - INTERNATIONAL STANDARD BOOK NUMBER
International Standard Book Number 9781498760478 (alk. paper)
040 ## - CATALOGING SOURCE
Transcribing agency PK-LaUMT
082 00 - DEWEY DECIMAL CLASSIFICATION NUMBER
Classification number 621.042
Edition number 23
Item number SPE-S
100 1# - MAIN ENTRY--PERSONAL NAME
Personal name Spellman, Frank R.,
245 14 - TITLE STATEMENT
Title The science of renewable energy /
Statement of responsibility, etc Frank R. Spellman
250 ## - EDITION STATEMENT
Edition statement 2nd ed.
260 ## - PUBLICATION, DISTRIBUTION, ETC. (IMPRINT)
Place of publication, distribution, etc Boca Raton :
Name of publisher, distributor, etc CRC Press,
Date of publication, distribution, etc 2016
300 ## - PHYSICAL DESCRIPTION
Extent xix, 559 p. ;
Dimensions 27 cm
650 #0 - SUBJECT ADDED ENTRY--TOPICAL TERM
Topical term or geographic name as entry element Renewable energy sources.
942 ## - ADDED ENTRY ELEMENTS (KOHA)
Koha item type Books
Holdings
Withdrawn status Lost status Damaged status Home library Current library Date acquired Full call number Barcode Date last seen Price effective from Koha item type
      UMT Main Campus UMT Main Campus 2017-05-05 621.042 SPE-S 107687 2017-08-23 2017-05-05 Books